000 00311nam a2200121Ia 4500
005 20251222144800.0
008 251222s9999||||xx |||||||||||||| ||spa||
082 _a370.112/C24
100 _aLa Torre Ugarte, Edistio Cámere de
245 0 _aPiezas Claves en Educación:
264 _bMar Adentro
942 _cLIB
999 _c19679
_d19679